• 首页
  • 本馆介绍
  • 公告通知
  • 最新文献
  • 馆藏检索
  • 电子资源
  • 读者导购
  • 参考咨询
  • 我的图书馆
  • 登录
  • 详细信息显示
  • 放入我的书架
  • 预约/预借图书
  • 作者相关作品
  • 分类相关作品
  • 丛书相关作品
  • 出版社相关作品

书目信息

  • 表格格式
  • 工作单格式
  • 卡片格式
题名:
星空的巡礼
    
 
作者: Beet , 皮脱 撰 ;王幼于 译
分册:  
出版信息: 北京   开明书店  1950
页数: 118页
开本: 19cm
丛书名: 开明青年丛书
单 册:
中图分类: P1-49
科图分类:
主题词: 行星--通俗读物 , 天文学
电子资源:
ISBN:
000 00761nam2 2200289 45 980
001 0631874654
005 20060813085203.06
010    @dCNY5.00
100    @a19970321d1950 em y0chiy0121 ea
101 1  @achi@ceng
102    @aCN@b110000
105    @afk z 000yy
106    @ar
200 10 @a星空的巡礼@f(英)皮脱,E.A.撰@Axing kong de xun li@g王幼于译
205    @a五版
210    @a北京@c开明书店@d1950
215    @a118页@c表,图@d19cm
225 2  @a开明青年丛书
410  0 @1 20010@a开明青年丛书
606    @a行星@x通俗读物
606 0  @a天文学
690    @aP1-49@v3
701 A1 @aBeet@bE.A.@f英@4撰@ABeet
701  1 @a皮脱@bE.A.@f英@4撰@Api tuo
702  0 @a王幼于@4译@Awang you yu
801 0  @c20060813
905    @a10447@dP1-49@e119
    
    星空的巡礼/(英)皮脱,E.A.撰/王幼于译 .-五版 .-北京:开明书店,1950
    118页:表,图;19cm .-(开明青年丛书 )
    
    
    ISBN :CNY5.00
    
●
相关链接 在E读中查询图书 在五车中查询图书 在当当中查询图书 在豆瓣中查询图书


正题名:星空的巡礼     索取号:P1-49/119         预约/预借

序号 登录号 条形码 馆藏地/架位号 状态 备注
1 0452519   204525193   密集书库/ [索取号:P1-49/119] 在馆    
唐山师范学院图书馆 欢迎您!
大连网信软件有限公司© 版权所有